Normal view
MARC view
- London Climate Change Partnership
Entry Corporate Name
001 - CONTROL NUMBER
- control field: 4995
003 - CONTROL NUMBER IDENTIFIER
- control field: SIRSI
005 - DATE AND TIME OF LATEST TRANSACTION
- control field: 20190806150239.0
008 - FIXED-LENGTH DATA ELEMENTS
- fixed length control field: 060728n| aaannaabn |n ana d
040 ## - CATALOGING SOURCE
- Original cataloging agency: OSt
- Transcribing agency: OSt
110 2# - HEADING--CORPORATE NAME
- Corporate name or jurisdiction name as entry element: London Climate Change Partnership
670 ## - SOURCE DATA FOUND
- Source citation: Adapting to climate change, 2006